01251nam a2200301 a 450000100100000000500170001000800410002702000150006804000250008304100380010808200190014610000310016524000630019624501410025926000600040030000210046049000290048153400720051065000490058265000300063165000250066170000450068670000330073183000360076404900090080095201230080999900170093200002486120200930023420.0100712s1993 ag 000 | spa d a9506942927 aDO-SdBNPbspacBNPHU17aenghspa2Código de idioma MARC a327.101bD732t1 aDougherty, James E.95102310aContending theories of international relations.lEspañol10aTeorías en pugna en las relaciones internacionales /cJames E. Dougherty, Robert L. Pfaltzgraff (hijo) ; traducción Cristina Piña. aMéxico, D. F. :bGrupo Editor Latinomareicano,c1993. a592 p. ;c23 cm.1 aEstudios Internacionales aTítulo original :tContending theories of international relations 4aRelaciones internacionalesxTeorías951024 4aPolítica exterior98420 4aGeopolítica9184281 aPfaltzgraff , Robert L. ,c(hijo)9510251 aPiña, Cristinaetr.947086 0aEstudios Internacionales948515 aBNGR 001054708MOaGRbGRcCTd2011-02-07iLF1l0o327.101 D732tp24861-10r2020-06-25w2020-06-25y4ZPréstamo en sala c24354d24354